Statistiques concernant Pays ayant des porte-avions

Cliquez ici pour prendre le quiz!

Statistiques générales

  • Ce quiz a été pris 4,110 fois
  • Le résultat moyen est 7 sur 8

Statistiques - réponses

Pays % Correct
11Etats-Unis
99%
1France
99%
2Chine
98%
1Royaume-Uni
94%
1Russie
93%
1Inde
81%
1Espagne
76%
2Italie
75%

Distribution des résultats

Percentile par nombre de réponses

% des personnes avec chaque résultat

Votre développement - résultats

Vous n’avez pas pris ce quiz